Statistiken für Größte Städte Japans

Klicken Sie hier um das Quiz zu spielen!

Allgemein

  • Dieses Quiz wurde 5.021 mal gespielt
  • Das Durchschnittsergebnis liegt bei 6 aus 20

Antwortstatistiken

BevölkerungStadt% Korrekt
9'272'565Tokio
100%
2'691'742Osaka
78%
1'194'507Hiroshima
69%
1'474'570Kyoto
62%
3'726'167Yokohama
49%
1'953'784Sapporo
42%
1'537'860Kobe
37%
2'296'014Nagoya
36%
1'538'510Fukuoka
27%
1'082'185Sendai
22%
1'475'300Kawasaki
19%
810'514Niigata
16%
1'264'253Saitama
15%
972'639Chiba
14%
719'584Okayama
13%
798'252Hamamatsu
11%
961'815Kitakyushu
11%
741'115Kumamoto
11%
839'891Sakai
7%
720'914Sagamihara
5%

Verteilung der Resultate

Perzentil nach korrekt beantworteten Fragen

Anzahl Personen mit jedem Resultat

Ihre Resultats-Entwicklung

Sie haben dieses Quiz noch nicht gespielt